000
002530000a22000970004500
100
1
_a
Emerton, J. A.
245
1
0
_a
The house of Baal in 1Kings 16:32
300
_a
Vol. 47, Num 3 (Julio, 1997), Páginas 293-300
773
0
_t
Vetus Testamentum
942
_c
ANA
999
_c
58119
_d
58119